000 00925nam a2200253Ia 4500
003 OSt
005 20220923220758.0
006 a|||||r|||| 00| 0
007 ta
008 220922b |||||||| |||| 00| 0 hin d
024 _a190,352
037 _cTextual
040 _aARTS
_cARTS
_bhin
041 _2hin
_ahin
082 _aO152,2NSH18x, H9
100 _aशर्मा, देवेन्द्रनाथ
245 0 _aपारीजात मंजरी
_b चार मौलिक एकांकी नाटक
246 _aPārījāt hinjarī: chār maulik ekāankī nāṭaka
260 _aपटना
_b श्री अजन्ता प्रेस
_c1949
300 _a110पृ.
_ccm.
650 _aहिन्दी साहित्य
_9156264
942 _hO152,2NSH18x, H9
_cTEXL
_2CC
999 _c343128
_d343128